Discrepancias de bicentenario
Salvato in:
| Autore principale: | |
|---|---|
| Natura: | Libro |
| Lingua: | spagnolo |
| Pubblicazione: |
Santiago
LOM
2010
|
| Edizione: | 1a. ed |
| Serie: | Colección Escafandra
|
| Soggetti: | |
| Tags: |
Aggiungi Tag
Nessun Tag, puoi essere il primo ad aggiungerne!!
|
MARC
| LEADER | 00000nam a2200000 a 4500 | ||
|---|---|---|---|
| 001 | UCG6580 | ||
| 003 | CL-VaPUC | ||
| 008 | 110509e20100000CL |||||||||||||||||spa|d | ||
| 020 | |a 9789560001825 | ||
| 082 | 0 | 4 | |a 983.064 |b ROJ |2 21 |
| 100 | 0 | |a Rojo de la Rosa, Grínor |e author |9 556869 | |
| 245 | 1 | 0 | |a Discrepancias de bicentenario |
| 250 | |a 1a. ed | ||
| 300 | |a 175 p | ||
| 942 | |c BK | ||
| 945 | |d 20110509 00:00:00 |a jcampos | ||
| 260 | |a Santiago |b LOM |c 2010 | ||
| 650 | 0 | |a Historia de Chile siglo 20 |9 268145 | |
| 650 | 0 | |a Historia de Chile |9 322385 | |
| 650 | 0 | |a Aspectos sociales |9 254894 | |
| 650 | 0 | |a Universidades públicas |9 523597 | |
| 650 | 0 | |a Neoliberalismo |9 330090 | |
| 650 | 7 | |a CAMPOS CULTURAL |2 CL-VaPUC |9 556870 | |
| 650 | 0 | |a Democracia |9 255256 | |
| 650 | 7 | |a POSTDICTADURA |2 CL-VaPUC |9 556871 | |
| 651 | 7 | |a CHILE |2 CL-VaPUC |9 556872 | |
| 583 | |a last modification |c 20110509 00:00:00 |k Rodrigo Vera | ||
| 490 | 0 | |a Colección Escafandra | |
| 999 | |c 344758 |d 344756 | ||
| 952 | |0 0 |1 0 |4 0 |6 983_064000000000000_ROJ_2010 |7 0 |8 X |9 442936 |a FDOBUD |b FDOBUD |d 2019-11-22 |i 4772474 |o 983.064 ROJ 2010 |p 4772474 |r 2019-11-22 |w 2019-11-22 |y BK_X |k BUD | ||